000 00489nam a2200169 a 4500
005 20260421120858.0
008 260318s2026##################000#0#eng##
020 _a9780073205328
_qpbk
082 0 4 _a362.18HSI
100 _aHsieh ,Arthur
245 1 0 _aThe Paramedic Companion: A Case-Based Worktext
_c/ Arthur Hsieh,Kevin Boone
250 _a1st ed.
260 _aNew York:
_b Career Education,
_c 2008.
300 _axvii,738p.
_c;27cm.
650 _aPublic welfare
942 _cENGLISH
999 _c617856
_d617856